000 00600nam a2200181 a 4500
005 20140412111309.0
008 010404s19uu xx 00 eng d
020 _a1-57471-121-0
050 _aTR(PS E
_bPi643 1996
100 _aLems-Tardif, Gina
245 _aPilgrim children had many chores /
_cwritten by Gina Lems-Tardif; illustrated by Gina Lems-Tardif' first grade class.
260 _aCypress, CA :
_bCreative Teaching Press,
_c1996.
300 _a8 p. ; ill.
440 _aRead to Learn-Learn to Read
500 _aEmergent Reader Level I
650 _aSocial studies
999 _c103877
_d103877